| 000 | 00723nam a2200241Ia 4500 | ||
|---|---|---|---|
| 003 | OSt | ||
| 005 | 20220927105344.0 | ||
| 006 | a|||||r|||| 00| 0 | ||
| 007 | ta | ||
| 008 | 220926b |||||||| |||| 00| 0 eng d | ||
| 020 | _a9788132106418 | ||
| 024 | _a196037 | ||
| 037 | _cReference Collections | ||
| 040 |
_aRTL _cRTL _beng |
||
| 041 |
_2eng _aeng |
||
| 082 | _a"Y49(X:9J2).2120j49G, Q1" | ||
| 100 |
_aKELEGAMA Saman _9371914 |
||
| 245 | 0 | _a"Migration, remittances and development in South Asia" | |
| 260 |
_aNew _b"Delhi, Sage Publications, " _c2011 |
||
| 300 |
_a"xxi, 346p" _ccm. |
||
| 942 |
_h"Y49(X:9J2).2120j49G, Q1" _cCC |
||
| 999 |
_c692071 _d692071 |
||